| 000 | 00758nam a2200229Ia 4500 | ||
|---|---|---|---|
| 005 | 20230707132117.0 | ||
| 008 | 131103s9999 xx 000 0 und d | ||
| 040 | _aLoreto College | ||
| 041 | _aEnglish | ||
| 082 |
_a945.8 _bDEL |
||
| 245 |
_aThe Unification of Italy,1859 - 1861 _b Cavour,Mazzini or Garibaldi _cedited by Charles F.Delzell |
||
| 260 |
_aNew York _bHolt,Rinehart and Winston _c1965 |
||
| 300 |
_a[6],120 p. _b ill.,maps |
||
| 440 | _aEuropean Problem Studies | ||
| 504 | _aIncludes bibliographical references | ||
| 630 | _aItaly - History,1859 - 1861 | ||
| 650 | _aCavour,1810 - 1861,Mazzini,Giuseppe,1805 - 1872 | ||
| 651 | _aGaribaldi,Giuseppe,1807 - 1882 | ||
| 700 | _aDelzell,Charles F.,ed. | ||
| 850 | _aLCLIB | ||
| 942 | _cBK | ||
| 999 |
_c8153 _d58632 |
||